[Event "Hastings ENG"]
[Site "Hastings ENG"]
[Date "1989.??.??"]
[Round "?"]
[White "Nikolic, Predrag"]
[Black "Spraggett, Kevin B"]
[Result "1-0"]
[WhiteElo "2605"]
[BlackElo "2575"]
[PlyCount "47"]
[EventDate "1989.??.??"]
[Source "www.chesslib.no"]
[SourceDate "2004.05.04"]

1. d4 Nf6 2. Nf3 g6 3. c4 Bg7 4. g3 c5 5. d5 d6 6. Bg2 O-O 7. O-O Na6 8. Nc3 Nc7 9. Re1 Rb8 10. a4 b6 11. e4 a6 12. Bf1 e5 13. h3 Bb7 14. Bg2 Re8 15. Qd3 b5 16. b3 bxc4 17. bxc4 Ne6 18. Be3 Bc6 19. a5 Nd7 20. Red1 Kh8 21. Qd2 Bxd5 22. Qxd5 Nf6 23. Qd3 Qc7 24. Qxd6 1-0

[Event "RUS-Cup1 Chigorin mem"]
[Site "St Petersburg"]
[Date "1996.??.??"]
[Round "7"]
[White "Malaniuk, Vladimir P"]
[Black "Fedorov, Alexei"]
[Result "1/2-1/2"]
[WhiteElo "2610"]
[BlackElo "2555"]
[PlyCount "95"]
[EventDate "1996.11.??"]
[Source "ChessBase"]

1. d4 Nf6 2. c4 g6 3. Nc3 Bg7 4. g3 O-O 5. Bg2 c5 6. d5 d6 7. Nf3 Na6 8. O-O Nc7 9. a4 b6 10. e4 e5 11. Ne1 Ng4 12. f3 Nh6 13. Be3 f5 14. Qd2 Nf7 15. Nd3 a5 16. Rae1 Na6 17. exf5 gxf5 18. f4 Nb4 19. Nf2 Ra7 20. Nb5 Re7 21. b3 Bd7 22. Kh1 Rfe8 23. fxe5 Rxe5 24. Bf4 Rxe1 25. Rxe1 Rxe1+ 26. Qxe1 Qf6 27. Bh3 Bh6 28. Bxh6 Nxh6 29. Qe2 Nf7 30. Nc7 Ne5 31. Kg2 Qg5 32. Kf1 Kf8 33. Nd1 Qc1 34. Ne6+ Bxe6 35. dxe6 Na2 36. Kg2 f4 37. gxf4 Qxf4 38. Qe3 Qxe3 39. Nxe3 Nc1 40. Nf5 Nxb3 41. Nxd6 Nd2 42. Nc8 Nexc4 43. Kf2 b5 44. axb5 a4 45. b6 Nxb6 46. e7+ Ke8 47. Nxb6 a3 48. Be6 1/2-1/2

[Event "Russia Cup II, Moscow RUS"]
[Site "Moscow"]
[Date "1996.??.??"]
[Round "?"]
[White "Malaniuk, V."]
[Black "Fedorov, A."]
[Result "1/2-1/2"]
[WhiteElo "2610"]
[BlackElo "2555"]
[PlyCount "90"]
[EventDate "1996.??.??"]
[Source "www.chesslib.no"]
[SourceDate "2004.05.04"]

1. d4 Nf6 2. c4 g6 3. Nc3 Bg7 4. g3 O-O 5. Bg2 c5 6. d5 d6 7. Nf3 e5 8. O-O Ng4 9. h3 Nh6 10. e4 Na6 11. Be3 f5 12. Qd2 Nf7 13. Ng5 Nc7 14. Nxf7 Rxf7 15. f4 b5 16. cxb5 Rb8 17. exf5 gxf5 18. fxe5 Bxe5 19. Bf4 Bd4+ 20. Kh2 Nxb5 21. Rae1 Nc7 22. Bg5 Bf6 23. Bxf6 Qxf6 24. Rf4 Bd7 25. b3 Rg7 26. Re3 Kh8 27. Ne2 Rbg8 28. Rf2 Nb5 29. a4 Nd4 30. Nxd4 cxd4 31. Rd3 a5 32. Rf4 Re8 33. Rfxd4 Qe5 34. Rf4 Qe1 35. Qxe1 Rxe1 36. b4 axb4 37. Rxb4 Ra1 38. Rc3 Rxa4 39. Rb8+ Rg8 40. Rb6 Ra2 41. Rxd6 Bb5 42. Kg1 Ra1+ 43. Kf2 Ra2+ 44. Kg1 Ra1+ 45. Kf2 Ra2+ 1/2-1/2

[Event "IV Open"]
[Site "Calvia ESP"]
[Date "2007.10.17"]
[Round "3"]
[White "Mchedlishvili, M."]
[Black "Drazic, S."]
[Result "1-0"]
[WhiteElo "2631"]
[BlackElo "2493"]
[PlyCount "111"]
[EventDate "2007.10.15"]
[Source "www.chesslib.no"]
[SourceDate "2004.05.04"]

1. d4 Nf6 2. c4 g6 3. g3 Bg7 4. Bg2 O-O 5. Nc3 d6 6. Nf3 c5 7. d5 a6 8. a4 e5 9. O-O Ng4 10. e4 b6 11. Bg5 f6 12. Bd2 Nh6 13. Ne1 f5 14. Nd3 Nd7 15. Qc1 Nf7 16. b4 Rb8 17. Rb1 Qc7 18. Qa3 Nf6 19. a5 fxe4 20. Nxe4 Nxe4 21. Bxe4 cxb4 22. Qxb4 b5 23. Rfc1 Qd8 24. Be3 Bh6 25. Bxh6 Nxh6 26. c5 dxc5 27. Qxc5 Qxa5 28. Nxe5 Qb6 29. d6 Qxc5 30. Rxc5 Bb7 31. Bd5+ Bxd5 32. Rxd5 Ra8 33. d7 Nf7 34. Nc6 Nd8 35. Na5 Kf7 36. Re1 Rb8 37. Rd6 b4 38. Re3 Rb5 39. Rxa6 Rd5 40. Nc4 Kg7 41. Rd6 Rc5 42. Rd4 Rb5 43. Re7+ Kg8 44. Re8 b3 45. Rf4 Rbf5 46. Rxf5 gxf5 47. Re3 f4 48. Rxb3 Kf7 49. Rb5 Ke6 50. Rh5 Rf7 51. Rh6+ Kd5 52. Nb6+ Kc5 53. g4 Rg7 54. h3 Rg6 55. Na4+ Kb4 56. Rxh7 1-0

[Event "Cacak"]
[Site "?"]
[Date "1995.??.??"]
[Round "?"]
[White "Ilincic, Z."]
[Black "Damljanovic, B."]
[Result "1-0"]
[WhiteElo "2555"]
[BlackElo "2555"]
[PlyCount "71"]
[EventDate "1995.??.??"]
[Source "ChessBase"]
[SourceDate "1995.10.01"]

1. d4 Nf6 2. c4 c5 3. d5 g6 4. Nc3 Bg7 5. g3 O-O 6. Bg2 d6 7. Nf3 Na6 8. O-O Nc7 9. a4 e6 10. dxe6 Bxe6 11. Qb3 Rb8 12. Rd1 Qe7 13. Bf4 Rfd8 14. Rd2 h6 15. Rad1 Nce8 16. h3 g5 17. Be3 b6 18. Ne1 a6 19. Nc2 Nc7 20. Na3 b5 21. axb5 axb5 22. Naxb5 Nxb5 23. Nxb5 d5 24. Qa3 Bf8 25. cxd5 Bxh3 26. Bxh3 Rxb5 27. Qa6 Rb3 28. Bxc5 Qxc5 29. Qxf6 Rxg3+ 30. Bg2 Rd6 31. Qf5 Rb3 32. Be4 Bg7 33. Rc2 Qa5 34. Rc8+ Rd8 35. d6 Qb6 36. Rdc1 1-0

[Event "It \"]
[Site "Martuni (Armenia)"]
[Date "2007.07.07"]
[Round "2"]
[White "Petrosian Tigran L (ARM)"]
[Black "Vovk Yuri (UKR)"]
[Result "0-1"]
[WhiteElo "2580"]
[BlackElo "2523"]
[PlyCount "154"]
[EventDate "2007.??.??"]
[Source "www.chesslib.no"]
[SourceDate "2004.05.04"]

1. Nf3 Nf6 2. g3 g6 3. Bg2 Bg7 4. d4 O-O 5. c4 c5 6. d5 d6 7. Nc3 Na6 8. O-O Nc7 9. a4 e5 10. dxe6 Bxe6 11. Bf4 Bxc4 12. Bxd6 Re8 13. Bxc5 Nfd5 14. Nxd5 Nxd5 15. Nd4 Rc8 16. Ba3 Nb6 17. Nb5 Bxe2 18. Qxd8 Rcxd8 19. Rfe1 Nc4 20. Nc7 Re5 21. f4 Re3 22. Bc5 Bxb2 23. Bxe3 Nxe3 24. Rxe2 Bxa1 25. Rxe3 Bd4 26. Nd5 Bxe3+ 27. Nxe3 Rd4 28. a5 Ra4 29. Bxb7 Rxa5 30. Bd5 Rb5 31. Kf2 Rb2+ 32. Kf3 Rxh2 33. Ng4 Rc2 34. Ne5 Rc3+ 35. Kf2 a5 36. Nxf7 a4 37. g4 a3 38. g5 a2 39. Nd6+ Kf8 40. Bxa2 Rc2+ 41. Kf3 Rxa2 42. Nc4 Ke7 43. Ne3 Ra4 44. Ng4 Ke6 45. Ne3 Rb4 46. Ng4 Rb3+ 47. Ke4 Rh3 48. Ne3 Rg3 49. Nf1 Rg1 50. Ne3 Kd6 51. Kd4 Rg3 52. Nc4+ Ke6 53. Ne3 Rf3 54. Ke4 Rf2 55. Ng4 Ra2 56. Kf3 Ra4 57. Ne3 Kd6 58. Ng4 Kc5 59. Nf6 Ra7 60. Kg4 Kd4 61. Kf3 Rb7 62. Kf2 Rb3 63. Ke2 Rb1 64. Kf2 Kd3 65. Kg2 Rc1 66. Kf2 Ra1 67. Kg3 Ke3 68. Nxh7 Ke4 69. Nf6+ Kf5 70. Nd5 Ra3+ 71. Kf2 Ra5 72. Ne7+ Kxf4 73. Nxg6+ Kxg5 74. Ne7 Rc5 75. Kf3 Kf6 76. Ng8+ Kg7 77. Ne7 Kf7 0-1

[Event "Hoogovens-B"]
[Site "Wijk aan Zee NED"]
[Date "1988.01.??"]
[Round "12"]
[White "Cifuentes Parada, Roberto"]
[Black "Fedorowicz, John P"]
[Result "0-1"]
[WhiteElo "2530"]
[BlackElo "2560"]
[PlyCount "80"]
[EventDate "1988.01.??"]
[Source "www.chesslib.no"]
[SourceDate "2004.05.04"]

1. d4 Nf6 2. Nf3 g6 3. c4 c5 4. Nc3 Bg7 5. g3 O-O 6. Bg2 d6 7. dxc5 dxc5 8. Qxd8 Rxd8 9. Be3 Nfd7 10. O-O Nc6 11. Rfd1 Nb6 12. Rxd8+ Nxd8 13. Nd2 Bxc3 14. bxc3 Na4 15. Nb3 Ne6 16. Rc1 Rb8 17. Na5 f6 18. f4 Nd8 19. Bd5+ Be6 20. g4 Bxd5 21. cxd5 b6 22. Nb3 Nf7 23. c4 Nd6 24. Kg2 Kf7 25. Kf3 e6 26. dxe6+ Kxe6 27. Rc2 f5 28. Rc1 Ne4 29. gxf5+ gxf5 30. Rg1 Rb7 31. Nd2 Nac3 32. a3 Rd7 33. Nxe4 fxe4+ 34. Kg4 Rg7+ 35. Kh5 Rxg1 36. Bxg1 Nxe2 37. Be3 Nd4 38. Kg5 Nf3+ 39. Kh6 Nxh2 40. Kxh7 Kf5 0-1

[Event "Vinkovci"]
[Site "Vinkovci CRO"]
[Date "1976.??.??"]
[Round "?"]
[White "Hort, Vlastimil"]
[Black "Tringov, Georgi P"]
[Result "1/2-1/2"]
[WhiteElo "2600"]
[BlackElo "2490"]
[PlyCount "117"]
[EventDate "1976.??.??"]
[Source "www.chesslib.no"]
[SourceDate "2004.05.04"]

1. d4 Nf6 2. c4 c5 3. d5 g6 4. Nc3 Bg7 5. g3 d6 6. Bg2 O-O 7. Nf3 e5 8. e4 Ne8 9. Be3 Nd7 10. O-O Nc7 11. Ne1 f5 12. Nd3 Nf6 13. a4 a5 14. Qd2 fxe4 15. Nxe4 Nxe4 16. Bxe4 Ne8 17. Bg2 Nf6 18. h3 Bf5 19. Ne1 Qb6 20. g4 Bd7 21. Nf3 e4 22. Ng5 Qb3 23. Rfc1 Rfe8 24. Rc3 Qb6 25. Qc2 Re7 26. Rb3 Qd8 27. Rxb7 h6 28. Ne6 Bxe6 29. Rxe7 Qxe7 30. dxe6 Qxe6 31. Re1 Rb8 32. Bd2 Qf7 33. b3 d5 34. cxd5 Qxd5 35. Re3 Kh7 36. Rc3 Rd8 37. Be1 Qd1 38. Kf1 Qa1 39. Qc1 Qa2 40. Qc2 Qa1 41. Qc1 Qa2 42. Rxc5 Qxb3 43. Qc2 Qxc2 44. Rxc2 Rd4 45. Ra2 Rd5 46. Ke2 h5 47. gxh5 Rxh5 48. Rc2 Rg5 49. Kf1 Re5 50. Rc4 e3 51. fxe3 Rxe3 52. Bxa5 Ra3 53. Bd2 Nh5 54. Ke2 Ng3+ 55. Kd1 Nf5 56. a5 Ne3+ 57. Bxe3 Rxe3 58. Ra4 Rd3+ 59. Kc2 1/2-1/2

[Event "Asia Ch"]
[Site "Dubai UAE"]
[Date "1996.??.??"]
[Round "?"]
[White "Adianto, Utut"]
[Black "Kakageldyev, Amanmurad"]
[Result "1/2-1/2"]
[WhiteElo "2610"]
[BlackElo "2475"]
[PlyCount "52"]
[EventDate "1996.??.??"]
[Source "www.chesslib.no"]
[SourceDate "2004.05.04"]

1. d4 g6 2. c4 Bg7 3. Nf3 d6 4. g3 Nf6 5. Bg2 O-O 6. O-O c5 7. d5 Na6 8. Nc3 Nc7 9. a4 a6 10. h3 Rb8 11. a5 b5 12. axb6 Rxb6 13. Ra2 e6 14. e4 exd5 15. cxd5 Re8 16. Re1 Rb4 17. e5 dxe5 18. Rxe5 Nfxd5 19. Bg5 Nxc3 20. Qxd8 Rxd8 21. Bxd8 Nxa2 22. Rxc5 Rxb2 23. Rxc7 Rb1+ 24. Kh2 Rc1 25. Ra7 h6 26. Bb6 Nb4 1/2-1/2

[Event "YUG-chT playoff"]
[Site "?"]
[Date "1997.??.??"]
[Round "?"]
[White "Djuric Stefan"]
[Black "Damljanovic Branko"]
[Result "1/2-1/2"]
[WhiteElo "2535"]
[BlackElo "2540"]
[PlyCount "81"]
[EventDate "1997.??.??"]
[Source "www.chesslib.no"]
[SourceDate "2004.05.04"]

1. d4 Nf6 2. c4 g6 3. Nc3 Bg7 4. g3 O-O 5. Bg2 d6 6. Nf3 c5 7. h3 Nc6 8. Be3 cxd4 9. Nxd4 Bd7 10. Qd2 Rc8 11. b3 a6 12. O-O Re8 13. Rfd1 Nxd4 14. Bxd4 Bc6 15. e4 Nd7 16. Bxg7 Kxg7 17. Qb2 Kg8 18. h4 b5 19. cxb5 axb5 20. Nd5 Bxd5 21. Rxd5 Qb6 22. Bf1 Rc5 23. Rxc5 Nxc5 24. Qe2 Rb8 25. e5 d5 26. Qe3 b4 27. Rc1 Ne4 28. Rc8+ Kg7 29. Rxb8 Qxb8 30. Qd4 e6 31. Bd3 Qb7 32. Bxe4 dxe4 33. Qc4 h5 34. Qd4 Kh7 35. Qc4 Kg7 36. Qd4 Kh7 37. Qc4 Kg7 38. Qd4 Kh7 39. Qc4 Kg8 40. Qd4 Kg7 41. Qc4 1/2-1/2

[Event "Open"]
[Site "New York op"]
[Date "1988.??.??"]
[Round "?"]
[White "Drasko, Milan"]
[Black "Larsen, Bent"]
[Result "1-0"]
[WhiteElo "2510"]
[BlackElo "2560"]
[PlyCount "73"]
[EventDate "1988.??.??"]
[Source "www.chesslib.no"]
[SourceDate "2004.05.04"]

1. d4 Nf6 2. c4 c5 3. d5 d6 4. Nc3 g6 5. g3 Bg7 6. Bg2 O-O 7. Nf3 Na6 8. O-O Nc7 9. a4 Rb8 10. h3 b6 11. e4 Nd7 12. Bf4 a6 13. Qd3 Ne5 14. Nxe5 dxe5 15. Be3 Ne6 16. Ne2 Nd4 17. Nxd4 cxd4 18. Bd2 f5 19. b4 e6 20. c5 bxc5 21. bxc5 fxe4 22. Qxe4 exd5 23. Qxd5+ Qxd5 24. Bxd5+ Kh8 25. g4 Rb2 26. Rfd1 h5 27. f3 Bf6 28. Rab1 Rxb1 29. Rxb1 Bd8 30. Bh6 Re8 31. Bf7 Re7 32. Bxg6 hxg4 33. Rb8 Rc7 34. Bf8 d3 35. Bxd3 gxf3 36. Bd6 f2+ 37. Kxf2 1-0

[Event "Cappelle op"]
[Site "Cappelle la Grande"]
[Date "1997.??.??"]
[Round "5"]
[White "Burmakin, Vladimir"]
[Black "Kuzmin, Gennadi P"]
[Result "1/2-1/2"]
[WhiteElo "2530"]
[BlackElo "2535"]
[PlyCount "64"]
[EventDate "1997.02.15"]
[Source "ChessBase"]

1. d4 Nf6 2. Nf3 g6 3. c4 Bg7 4. g3 O-O 5. Bg2 c5 6. d5 d6 7. Nc3 e6 8. dxe6 fxe6 9. Ng5 Nc6 10. O-O a6 11. Nge4 Ne8 12. Bf4 Ne5 13. Bxe5 Bxe5 14. Nxc5 Qc7 15. N5a4 Rb8 16. Rc1 Bd7 17. c5 dxc5 18. Nxc5 Qxc5 19. Qxd7 Nd6 20. Ne4 Qb6 21. b3 Rfd8 22. Qe7 Nf5 23. Qc5 Bd4 24. Qc4 Kh8 25. Kh1 Bb2 26. Qc7 Qb5 27. Rc2 Bg7 28. Qc4 Qe5 29. e3 h6 30. Qc5 Rd5 31. Qc7 Nxe3 32. Qxe5 Rxe5 1/2-1/2

[Event "Open"]
[Site "Cappelle la Grande"]
[Date "2003.02.27"]
[Round "7"]
[White "Grabarczyk, Miroslaw"]
[Black "Minasian, Artashes"]
[Result "1/2-1/2"]
[WhiteElo "2506"]
[BlackElo "2557"]
[PlyCount "69"]
[EventDate "2003.02.22"]
[Source "Roberto Alvarez"]
[SourceDate "2003.03.03"]

1. d4 g6 2. Nf3 Bg7 3. c4 c5 4. d5 d6 5. g3 Nf6 6. Nc3 O-O 7. Bg2 e6 8. O-O a6 9. a4 Re8 10. e4 exd5 11. exd5 Bf5 12. Qb3 b6 13. Bf4 Ra7 14. Rfe1 Rae7 15. Rxe7 Rxe7 16. h3 Ne4 17. Nxe4 Bxe4 18. a5 Rb7 19. Ng5 Bxg2 20. Kxg2 Qe7 21. axb6 h6 22. Nf3 Qd8 23. Re1 Nd7 24. Qe3 Rxb6 25. Qe8+ Qxe8 26. Rxe8+ Kh7 27. Re7 Nf6 28. Rxf7 g5 29. Bc1 Rb4 30. Nd2 Ra4 31. b3 Ra2 32. Nf3 Ne4 33. Nh2 Kg6 34. Rf3 Bd4 35. Be3 1/2-1/2

[Event "4. Open"]
[Site "?"]
[Date "2003.06.13"]
[Round "7"]
[White "Drasko Milan"]
[Black "Pavlovic Milos"]
[Result "1/2-1/2"]
[WhiteElo "2491"]
[BlackElo "2570"]
[PlyCount "25"]
[EventDate "2003.??.??"]
[Source "www.chesslib.no"]
[SourceDate "2004.05.04"]

1. d4 Nf6 2. c4 c5 3. d5 g6 4. Nf3 Bg7 5. g3 O-O 6. Bg2 d6 7. O-O Na6 8. Nc3 Nc7 9. e4 Bg4 10. h3 Bxf3 11. Bxf3 e6 12. Qc2 exd5 13. exd5 1/2-1/2

[Event "1st Stage Russian Cup"]
[Site "Tomsk"]
[Date "2003.07.12"]
[Round "9"]
[White "Fominyh, Alexander"]
[Black "Belozerov, Andrei"]
[Result "0-1"]
[WhiteElo "2520"]
[BlackElo "2541"]
[PlyCount "74"]
[EventDate "2003.07.04"]
[Source "Roberto Alvarez"]
[SourceDate "2003.08.18"]

1. d4 Nf6 2. c4 c5 3. d5 g6 4. Nc3 Bg7 5. Nf3 O-O 6. g3 d6 7. Bg2 Na6 8. O-O Nc7 9. a4 Rb8 10. h3 b6 11. Re1 a6 12. e4 b5 13. e5 Nd7 14. Bf4 dxe5 15. Nxe5 Nxe5 16. Bxe5 Bxe5 17. Rxe5 bxc4 18. Qd2 Bf5 19. Rae1 e6 20. d6 Ne8 21. d7 Nf6 22. Rxc5 Qxd7 23. Qg5 Qd4 24. Qe3 Qxe3 25. Rxe3 Bd3 26. Bf1 Rfd8 27. Bxd3 cxd3 28. Nd1 Rd4 29. Ra5 Rb6 30. Kf1 Nd5 31. Re5 Rc6 32. f3 f5 33. Re1 Rc1 34. Kf2 Rdc4 35. Rxe6 Rxd1 36. Rxd5 Rc2+ 37. Ke3 Re2+ 0-1

[Event "Luzern ol (Men)"]
[Site "Lucerne SUI"]
[Date "1982.??.??"]
[Round "11"]
[White "Smejkal, Jan"]
[Black "Schmidt, Wlodzimierz"]
[Result "1/2-1/2"]
[WhiteElo "2570"]
[BlackElo "2485"]
[PlyCount "111"]
[EventDate "1982.10.??"]
[Source "www.chesslib.no"]
[SourceDate "2004.05.04"]

1. d4 Nf6 2. Nf3 g6 3. c4 Bg7 4. g3 O-O 5. Bg2 c5 6. d5 d6 7. O-O Na6 8. Nc3 Nc7 9. a4 Rb8 10. e4 b6 11. Re1 a6 12. Bf1 e5 13. Nh4 Nfe8 14. Bd3 Bd7 15. Qe2 Bf6 16. Ng2 Ng7 17. Rb1 Qe8 18. b4 Be7 19. Be3 a5 20. bxa5 bxa5 21. Nb5 Na6 22. f4 f6 23. Rf1 Nb4 24. Rf2 Qc8 25. Rbf1 exf4 26. Bxf4 Bg4 27. Qd2 Qd7 28. Be2 Bh3 29. Qb2 Rbe8 30. Re1 g5 31. Bd2 Bd8 32. Bf1 f5 33. Bc3 Rxe4 34. Rxe4 fxe4 35. Rxf8+ Kxf8 36. Ne3 Bxf1 37. Bxg7+ Qxg7 38. Qxg7+ Kxg7 39. Kxf1 Be7 40. Nf5+ Kf6 41. Nfxd6 Bxd6 42. Nxd6 Ke5 43. Nb7 Nd3 44. Ke2 Nb2 45. d6 Ke6 46. Nxc5+ Kxd6 47. Nxe4+ Ke5 48. Nd2 g4 49. Ke3 h5 50. Ke2 Kd4 51. Nb3+ Kxc4 52. Nxa5+ Kd5 53. Ke3 Ke6 54. Kf4 Kf6 55. Nb3 Nxa4 56. Nd2 1/2-1/2

[Event "Budapest Tungsram"]
[Site "Budapest HUN"]
[Date "1973.??.??"]
[Round "13"]
[White "Csom, Istvan"]
[Black "Velimirovic, Dragoljub"]
[Result "1/2-1/2"]
[WhiteElo "2540"]
[BlackElo "2510"]
[PlyCount "51"]
[EventDate "1973.??.??"]
[Source "www.chesslib.no"]
[SourceDate "2004.05.04"]

1. Nf3 g6 2. d4 Nf6 3. g3 Bg7 4. Bg2 O-O 5. c4 d6 6. Nc3 c5 7. dxc5 dxc5 8. Be3 Nc6 9. Qxd8 Rxd8 10. Bxc5 Be6 11. Nd2 Nd7 12. Ba3 Nb6 13. Rc1 Nxc4 14. Nxc4 Bxc4 15. b3 Ba6 16. Bxc6 bxc6 17. Rc2 Bxc3+ 18. Rxc3 Rd7 19. f3 Rad8 20. Kf2 Rd2 21. Re1 R8d7 22. Rxc6 Bb7 23. Rcc1 Rxa2 24. Ra1 Rxa1 25. Rxa1 f6 26. Bc5 1/2-1/2

[Event "Ljubljana"]
[Site "?"]
[Date "1989.??.??"]
[Round "6"]
[White "Kupreichik, Viktor D"]
[Black "Mohr, Stefan"]
[Result "1-0"]
[WhiteElo "2520"]
[BlackElo "2530"]
[PlyCount "40"]
[EventDate "1989.??.??"]
[Source "www.chesslib.no"]
[SourceDate "2004.05.04"]

1. d4 Nf6 2. c4 g6 3. Nc3 Bg7 4. Nf3 d6 5. g3 O-O 6. Bg2 c5 7. dxc5 dxc5 8. Be3 Qa5 9. Qa4 Qb4 10. O-O-O Ng4 11. Qxb4 cxb4 12. Nd5 Nxe3 13. fxe3 Nc6 14. Nd4 Ne5 15. b3 e6 16. Ne7+ Kh8 17. Nxc8 Raxc8 18. Bxb7 Rc7 19. Bf3 a5 20. Rd2 a4 1-0

[Event "Hoogovens-B"]
[Site "Wijk aan Zee"]
[Date "1998.01.29"]
[Round "9"]
[White "Kasimdzhanov, Rustam"]
[Black "Van den Doel, Erik"]
[Result "1-0"]
[WhiteElo "2565"]
[BlackElo "2485"]
[PlyCount "81"]
[EventDate "1998.01.20"]
[Source "ChessBase"]
[SourceDate "1998.04.09"]

1. Nf3 c5 2. c4 g6 3. d4 Bg7 4. d5 Nf6 5. Nc3 O-O 6. g3 d6 7. Bg2 e6 8. dxe6 Bxe6 9. Ng5 Nc6 10. Nxe6 fxe6 11. O-O Qd7 12. Bg5 Rad8 13. e3 Ne5 14. Qb3 Nf7 15. h4 Nxg5 16. hxg5 Ne8 17. Rad1 Bxc3 18. Qxc3 b5 19. Rd2 bxc4 20. Qxc4 Qe7 21. e4 Kh8 22. f4 Ng7 23. Qc3 Kg8 24. Rfd1 Nh5 25. Bf1 h6 26. gxh6 Nf6 27. Bg2 Kh7 28. e5 dxe5 29. Qxe5 Rxd2 30. Rxd2 Rd8 31. Rxd8 Qxd8 32. Qxc5 Qd1+ 33. Bf1 Ng4 34. Qc3 e5 35. fxe5 Kxh6 36. e6 Qd6 37. e7 Qb6+ 38. Kh1 Qb7+ 39. Bg2 Qd7 40. Qh8+ Kg5 41. Qd8 1-0

[Event "Interzonal"]
[Site "Zagreb CRO"]
[Date "1987.??.??"]
[Round "6"]
[White "Nikolic, Predrag"]
[Black "Hickl, Joerg"]
[Result "1-0"]
[WhiteElo "2600"]
[BlackElo "2450"]
[PlyCount "61"]
[EventDate "1987.??.??"]
[Source "www.chesslib.no"]
[SourceDate "2004.05.04"]

1. Nf3 Nf6 2. c4 g6 3. g3 Bg7 4. Bg2 O-O 5. d4 c5 6. d5 d6 7. O-O Na6 8. Nc3 Nc7 9. e4 Bg4 10. Re1 Rb8 11. a4 Qd7 12. Be3 e5 13. dxe6 Nxe6 14. h3 Bxf3 15. Bxf3 a6 16. Bg2 Rfe8 17. a5 b5 18. cxb5 axb5 19. e5 dxe5 20. Qxd7 Nxd7 21. a6 Nb6 22. a7 Rbd8 23. Nxb5 e4 24. Bxe4 Bxb2 25. Ra6 Na8 26. Rd6 Bd4 27. Rxd8 Rxd8 28. Nxd4 cxd4 29. Bh6 d3 30. Bxa8 d2 31. Bxd2 1-0

[Event "Wch U20"]
[Site "Mamaia"]
[Date "1991.??.??"]
[Round "?"]
[White "Akopian, Vladimir"]
[Black "Degraeve, Jean Marc"]
[Result "1/2-1/2"]
[WhiteElo "2590"]
[BlackElo "2450"]
[PlyCount "80"]
[EventDate "1991.08.??"]
[Source "ChessBase"]

1. d4 Nf6 2. c4 g6 3. Nc3 Bg7 4. g3 O-O 5. Bg2 c5 6. d5 d6 7. Nf3 Na6 8. O-O Nc7 9. e4 Rb8 10. a4 Bg4 11. h3 Bxf3 12. Bxf3 Na6 13. h4 Nb4 14. Kg2 h5 15. Bg5 Qd7 16. Qd2 Ng4 17. Rae1 e5 18. dxe6 fxe6 19. Be2 Nc6 20. f3 Nge5 21. f4 Nf7 22. g4 hxg4 23. Bxg4 Nd4 24. Nb5 Nxg5 25. hxg5 a6 26. Nxd4 Bxd4 27. Qd3 Kg7 28. f5 exf5 29. exf5 gxf5 30. Rxf5 Rxf5 31. Bxf5 Qc6+ 32. Be4 Qd7 33. Bf5 Qc6+ 34. Qf3 Qxf3+ 35. Kxf3 b5 36. axb5 axb5 37. b3 bxc4 38. bxc4 Rb3+ 39. Ke4 Rg3 40. g6 Rg1 1/2-1/2

[Event "Cannes op"]
[Site "Cannes"]
[Date "1996.??.??"]
[Round "2"]
[White "Chatalbashev, Boris"]
[Black "Minasian, Artashes"]
[Result "1-0"]
[WhiteElo "2455"]
[BlackElo "2580"]
[PlyCount "93"]
[EventDate "1996.02.??"]
[Source "ChessBase"]

1. d4 Nf6 2. c4 c5 3. d5 g6 4. Nc3 Bg7 5. g3 O-O 6. Bg2 d6 7. Nf3 e5 8. O-O Ne8 9. e4 a6 10. Re1 Nd7 11. Bd2 Nc7 12. a4 f5 13. a5 f4 14. Na4 g5 15. b4 Ne8 16. Rb1 Bf6 17. Bh3 h5 18. Be6+ Kg7 19. Bc3 g4 20. Nd2 cxb4 21. Bxb4 Bg5 22. Nf1 Rb8 23. c5 Nxc5 24. Nxc5 dxc5 25. Bc3 Bxe6 26. dxe6 Qxd1 27. Rexd1 Bf6 28. Rd7+ Kg8 29. gxf4 exf4 30. e7 Bxc3 31. exf8=Q+ Kxf8 32. Nd2 Nf6 33. Rd6 Ke7 34. Nc4 Nxe4 35. Rxa6 bxa6 36. Rxb8 Be1 37. Rb6 h4 38. Rxa6 g3 39. hxg3 hxg3 40. Rg6 f3 41. a6 Bxf2+ 42. Kh1 g2+ 43. Rxg2 fxg2+ 44. Kxg2 Nd6 45. Nxd6 c4 46. Kxf2 c3 47. Ke2 1-0

[Event "GEO-ch"]
[Site "?"]
[Date "2001.04.02"]
[Round "3.1"]
[White "Jobava Baadur"]
[Black "Kekelidze Mikheil"]
[Result "1-0"]
[WhiteElo "2518"]
[BlackElo "2512"]
[PlyCount "44"]
[EventDate "2001.??.??"]
[Source "www.chesslib.no"]
[SourceDate "2004.05.04"]

1. d4 Nf6 2. c4 c5 3. d5 d6 4. Nc3 g6 5. Nf3 Bg7 6. g3 O-O 7. Bg2 e6 8. dxe6 Bxe6 9. Ng5 Bxc4 10. Bxb7 Nbd7 11. Qxd6 Rb8 12. Bg2 h6 13. Nh3 Qa5 14. O-O Rfd8 15. Qd2 Nf8 16. Qc2 Ne6 17. Bf4 Nxf4 18. Nxf4 g5 19. b3 Ba6 20. Nfd5 Nxd5 21. Nxd5 Bxa1 22. Rxa1 Kg7 1-0

[Event "X Open Anibal"]
[Site "Linares"]
[Date "2003.03.06"]
[Round "7.13"]
[White "Ubilava, Elizbar"]
[Black "Cabrera, Alexis"]
[Result "1-0"]
[WhiteElo "2545"]
[BlackElo "2478"]
[PlyCount "93"]
[EventDate "2003.03.01"]
[Source "Roberto Alvarez"]
[SourceDate "2003.03.03"]

1. Nf3 Nf6 2. g3 g6 3. Bg2 Bg7 4. O-O O-O 5. c4 d6 6. d4 c5 7. d5 Na6 8. Nc3 Rb8 9. e4 Bg4 10. h3 Bxf3 11. Qxf3 Nc7 12. a4 a6 13. a5 b5 14. axb6 Rxb6 15. Ra3 Nd7 16. Qe2 e6 17. Qc2 exd5 18. exd5 f5 19. Re1 Re8 20. Rxe8+ Qxe8 21. Kf1 Qf8 22. Ne2 Qb8 23. b3 Qf8 24. Bd2 Rb8 25. Ba5 Ne8 26. Nf4 Qf6 27. Ra2 Nf8 28. Qd1 Qd4 29. Bf3 Qf6 30. Ne6 Nxe6 31. dxe6 Kf8 32. Bd5 Ke7 33. Kg2 Qd4 34. Qf3 Be5 35. Bd2 Rb6 36. b4 cxb4 37. Be3 b3 38. Bxd4 Bxd4 39. Qd3 bxa2 40. Qxd4 Rb1 41. Qa7+ Kf6 42. Qf7+ Kg5 43. Qxh7 Kf6 44. Qh8+ Ke7 45. Qg8 Kf6 46. Qf8+ Ke5 47. Qxe8 1-0

[Event "JUG-ch"]
[Site "JUG"]
[Date "1989.??.??"]
[Round "?"]
[White "Kovacevic, Vlatko"]
[Black "Djuric, Stefan"]
[Result "1-0"]
[WhiteElo "2545"]
[BlackElo "2475"]
[PlyCount "109"]
[EventDate "1989.02.??"]
[Source "ChessBase"]

1. d4 c5 2. d5 g6 3. c4 Bg7 4. Nc3 d6 5. Nf3 Nf6 6. g3 O-O 7. Bg2 Na6 8. O-O Nc7 9. Bf4 b5 10. cxb5 Rb8 11. a4 a6 12. e4 axb5 13. e5 Nh5 14. exd6 exd6 15. Bg5 f6 16. Be3 b4 17. Ne2 f5 18. Qd2 Ba6 19. Rfe1 Qf6 20. Rab1 Bxe2 21. Qxe2 f4 22. Bd4 cxd4 23. g4 Ra8 24. gxh5 g5 25. Qc2 g4 26. Qxc7 gxf3 27. Bxf3 Rac8 28. Qe7 Rc2 29. b3 d3 30. Qxf6 Bxf6 31. Re4 d2 32. Rd1 Bc3 33. Kf1 Rb2 34. Ke2 Kh8 35. h6 Rxb3 36. Re7 Bf6 37. Re6 Ra3 38. Rxd6 b3 39. Be4 Rxa4 40. f3 Ra7 41. Rb6 b2 42. Rxd2 Ra1 43. d6 Rg8 44. d7 Rg2+ 45. Kd3 Ra3+ 46. Kc4 Ra4+ 47. Kc5 Be7+ 48. Rdd6 Rg8 49. Kd5 Bxd6 50. Kxd6 Rd4+ 51. Ke7 Rd2 52. h4 Rd4 53. Rxb2 Rd1 54. Rc2 Rd4 55. Rc8 1-0